[Event "Winter Series, S50071"]
[Site "CCLA"]
[Date "2015.01.28"]
[Round "?"]
[White "Wasser, Jared"]
[Black "Lyons, Brenda M."]
[Result "1/2-1/2"]
[WhiteElo "1192"]
[BlackElo "1221"]

1. e4 e5 2. f3 Bc5 3. Ne2 Nf6 4. d4 Bd6 5. Nbc3 exd4 6. Nxd4 O-O 7. Be3 
Bc5 8. Bc4 Bxd4 9. Bxd4 d6 10. Qd2 Be6 11. Bd3 Nc6 12. Be3 Ne5 13. Be2 Qe7
14. O-O-O Nc4 15. Qd3 Nxe3 16. Qxe3 c6 17. g4 h6 18. g5 hxg5 19. h4 Nh7 
20. hxg5 Qxg5 21. Qxg5 Nxg5 22. Rh2 f6 23. f4 Nf7 24. f5 Bd7 25. Bh5 Ne5 
26. Rg1 Be8 27. Be2 Rf7 28. Rgh1 Rc7 29. b3 Kf7 30. Bh5+ Ke7 31. a4 Bf7 
32. Rg1 Rg8 33. Ne2 Bxh5 34. Rxh5 c5 35. Nf4 Rcc8 36. Ne6 Kf7 37. Rh2 Nf3 
38. Rd2 Nxd2 39. Kxd2 g5 40. c3 Rh8 41. b4 cxb4 42. cxb4 Rh4 1/2-1/2

[Event "2015 Server Team Ch - Div 1, S51999"]
[Site "CCLA"]
[Date "2015.10.30"]
[Round "?"]
[White "Buss, Michael D."]
[Black "Rivas Maceda, Juan"]
[Result "1/2-1/2"]
[WhiteElo "2369"]
[BlackElo "2376"]
[Board "2"]
[WhiteTeam "Pennsylvania Keystones"]
[BlackTeam "SchemingMind A"]

1. e4 e5 2. d4 exd4 3. f4 Nc6 4. Nf3 Bc5 5. a3 a5 6. Bd3 d6 7. O-O Nf6 8. 
h3 O-O 9. Nbd2 Re8 10. Re1 h6 11. g4 Bd7 12. Kh2 Bxg4 13. hxg4 Nxg4+ 14. 
Kg3 Ne3 15. Qe2 d5 16. Nb3 dxe4 17. Bxe3 exf3 18. Qxf3 dxe3 19. Nxc5 Nd4 
20. Qh5 Qd6 21. c3 Nb3 22. Nxb3 Qxd3 23. Nd4 Rad8 24. Rad1 Qe4 25. b4 b6 
26. b5 Rd6 27. Qf3 Rg6+ 28. Kh3 Qxf3+ 29. Nxf3 e2 30. Rd3 Rge6 31. Kg2 Re3
32. Rxe3 Rxe3 33. Rc1 Re4 34. Kf2 Rxf4 35. Kxe2 g5 36. c4 Kg7 37. c5 g4 
38. Nd2 h5 39. cxb6 cxb6 40. Ke3 1/2-1/2

[Event "2015 REGULAR QUAD, S50369"]
[Site "CCLA"]
[Date "2015.08.11"]
[Round "?"]
[White "Smiley, William R."]
[Black "Haase, F. Philip"]
[Result "0-1"]
[WhiteElo "1613"]
[BlackElo "1813"]

1. e4 e5 2. d4 exd4 3. c3 dxc3 4. Nf3 cxb2 5. Bxb2 Nf6 6. Nbd2 Bc5 7. Bc4 
d6 8. Qb3 O-O 9. Ng5 Bxf2+ 10. Kf1 d5 11. exd5 b5 12. Qxb5 c6 13. dxc6 Ba6
14. Bxf6 Qxf6 15. Qb1 Bd4+ 0-1

[Event "2015 Server Team Champ - Div 4, S54999"]
[Site "CCLA"]
[Date "2015.10.28"]
[Round "?"]
[White "Fritsch, Josiah"]
[Black "Latta, David A."]
[Result "1-0"]
[WhiteElo "1310"]
[BlackElo "1276"]
[Board "3"]
[WhiteTeam "Pennsylvania Duck Patrol"]
[BlackTeam "Pennsylvania Pawn Pushers"]

1. e4 e5 2. Bc4 Qf6 3. Qf3 Qxf3 4. Nxf3 Nf6 5. Nxe5 Nxe4 6. O-O Nc6 7. 
Nxf7 Rg8 8. Re1 Ke7 9. Rxe4+ Kf6 10. Rf4+ Kg6 11. Ne5+ Kg5 12. d4 Nxd4 13.
 Rg4+ Kf5 14. Rxd4 Kxe5 15. c3 Be7 16. Bf4+ Kf6 17. Bxg8 1-0

[Event "2015  Server Team - Div 3, S53999"]
[Site "CCLA"]
[Date "2015.10.30"]
[Round "?"]
[White "Siegfried, Will"]
[Black "Blankenship, Jerry T."]
[Result "1-0"]
[WhiteElo "1724"]
[BlackElo "1527"]
[Board "3"]
[WhiteTeam "Idaho Mountaineers"]
[BlackTeam "Knights of the Square Table"]

1. e4 e5 2. Bc4 Nf6 3. d3 c6 4. Bb3 d5 5. Nf3 Qc7 6. Nc3 d4 7. Ne2 Bd6 8. 
Ng5 O-O 9. Ng3 h6 10. h4 hxg5 11. hxg5 1-0

[Event "2015 NA Class D Ch - Rd 1 Sect 2, S50121"]
[Site "CCLA"]
[Date "2015.04.27"]
[Round "?"]
[White "Gunning, Edward E."]
[Black "Martindale, Roger"]
[Result "1-0"]
[WhiteElo "1443"]
[BlackElo "1188"]

1. e4 e5 2. Nc3 a6 3. Nf3 d6 4. h3 c5 5. Bc4 h6 6. Nd5 Nf6 7. Qe2 b5 8. 
Nxf6+ Qxf6 9. Bd5 Ra7 10. b3 Be6 11. Bxe6 Qxe6 12. Bb2 Nc6 13. O-O-O Be7 
14. Kb1 Nd4 15. Nxd4 cxd4 16. d3 O-O 17. h4 d5 18. Rh3 b4 19. Rdh1 Rc8 20.
 g4 a5 21. g5 f5 22. Qh5 f4 23. gxh6 Kh7 24. hxg7+ Kg8 25. Rg1 Qxh3 26. 
Qh8+ 1-0

[Event "Premier Quad, S50449"]
[Site "CCLA"]
[Date "2015.12.09"]
[Round "?"]
[White "Shannon, Paul D."]
[Black "Laaman, Thomas"]
[Result "1-0"]
[WhiteElo "1865"]
[BlackElo "1648"]

1. e4 e5 2. Nc3 Bc5 3. Nf3 d6 4. d4 exd4 5. Nxd4 Nf6 6. Bg5 h6 7. Bh4 O-O 
8. Bc4 Re8 9. O-O Bb4 10. Nd5 g5 11. Nxb4 gxh4 12. Nd5 Rxe4 13. Qd3 Rg4 
14. Ne3 Rg7 15. Ndf5 Bxf5 16. Nxf5 Rg6 17. Ne7+ Kg7 18. Nxg6 fxg6 19. Qd4 
g5 20. Rad1 Nc6 21. Qc3 Ne5 22. Bb3 Ne4 23. Qd4 Nc5 24. f4 Nxb3 25. axb3 
gxf4 26. Rxf4 Qg5 27. Rdf1 a6 28. Rf7+ Kg8 29. Rxc7 1-0

[Event "Premier Quad, S50029"]
[Site "CCLA"]
[Date "2015.02.02"]
[Round "?"]
[White "Stevens, Daniel L."]
[Black "Sereni, Vincent T."]
[Result "0-1"]
[WhiteElo "1775"]
[BlackElo "2117"]

1. e4 e5 2. f4 exf4 3. Bc4 Nc6 4. Nf3 g5 5. Nc3 g4 6. O-O gxf3 7. Qxf3 Qh4
8. d4 Nxd4 9. Qd3 Bc5 10. Kh1 f3 11. g3 Qh3 12. Rxf3 Nh6 13. Nd5 Ng4 14. 
Nf6+ Nxf6 15. Rxf6 Ne6 16. Qc3 Qg4 17. Bxe6 Qd1+ 18. Kg2 Qg1+ 19. Kh3 dxe6
20. e5 Qd4 21. Qf3 Qxe5 22. Bh6 Qxb2 23. Rf1 e5+ 24. g4 Rg8 25. Rg6 Rxg6 
26. Qxf7+ Kd8 27. Rd1+ Bd4 28. Qf8+ Kd7 29. Rd3 Qxc2 30. Qf7+ Kc6 31. Qf3+
Kc5 0-1

[Event "2015 NA Server Ch (CCLA Rules), S50169"]
[Site "CCLA"]
[Date "2015.04.27"]
[Round "?"]
[White "Gredescul, Andrea"]
[Black "Lewis, James W."]
[Result "1-0"]
[WhiteElo "2166"]
[BlackElo "1993"]

1. e4 e5 2. f4 exf4 3. Nf3 Nc6 4. Nc3 Nf6 5. Bc4 Na5 6. e5 Nxc4 7. exf6 
Qxf6 8. O-O Nb6 9. Qe2+ Kd8 10. a4 a5 11. d3 Bc5+ 12. d4 Bxd4+ 13. Nxd4 
Qxd4+ 14. Kh1 Nd5 15. Nb5 Qf6 16. c4 Re8 17. Qh5 Ne3 18. Bxe3 Rxe3 19. Qc5
Qb6 20. Qf8+ Re8 21. Qxf7 Qg6 22. Qxf4 d6 23. Qh4+ Kd7 24. Rae1 Rxe1 25. 
Rxe1 Kc6 26. Qe7 Bd7 27. Nd4+ Kc5 28. Qxd7 Kxd4 29. Rd1+ 1-0

[Event "2015 Server Team Ch - Div 1, S51999"]
[Site "CCLA"]
[Date "2015.10.30"]
[Round "?"]
[White "Kjeldsen, Karsten"]
[Black "Cross, Gregory W."]
[Result "1/2-1/2"]
[WhiteElo "2122"]
[BlackElo "1973"]
[Board "4"]
[WhiteTeam "SchemingMind B"]
[BlackTeam "Pennsylvania Keystones"]

1. e4 e5 2. Nc3 Nf6 3. Nf3 Bb4 4. Bc4 O-O 5. O-O d6 6. Nd5 Nxd5 7. Bxd5 c6
8. Bb3 Bg4 9. c3 Ba5 10. d4 exd4 11. cxd4 Bb6 12. Bg5 Bxf3 13. Qd2 Qd7 14.
 gxf3 d5 15. Rfe1 Bc7 16. Bh4 a5 17. Re2 a4 18. Bc2 dxe4 19. Rxe4 Bd8 20. 
Bg3 Na6 21. d5 a3 22. bxa3 Qxd5 23. Qxd5 cxd5 24. Re2 1/2-1/2

[Event "2015 REGULAR QUAD, S50369"]
[Site "CCLA"]
[Date "2015.08.11"]
[Round "?"]
[White "Evans, Stanley W."]
[Black "Smiley, William R."]
[Result "1-0"]
[WhiteElo "1834"]
[BlackElo "1613"]

1. e4 e5 2. Nc3 Nf6 3. Bc4 Nc6 4. d3 Na5 5. Bb3 Nxb3 6. axb3 c6 7. f4 d6 
8. Nf3 Qc7 9. O-O Be7 10. fxe5 dxe5 11. Qe1 Bd6 12. Qg3 g6 13. Qh4 Nh5 14.
 Be3 Be7 15. Qf2 Nf6 16. Nxe5 Qxe5 17. Bd4 Qe6 18. Bxf6 Bxf6 19. Qxf6 Qxf6
20. Rxf6 O-O 21. h3 Kg7 22. Rd6 Be6 23. Na4 Bc8 24. Nb6 1-0

[Event "2015  Server Team - Div 3, S53999"]
[Site "CCLA"]
[Date "2015.10.30"]
[Round "?"]
[White "Douglass, Paul"]
[Black "Weiss, Lester P."]
[Result "1/2-1/2"]
[WhiteElo "1821"]
[BlackElo "2103"]
[Board "1"]
[WhiteTeam "BCCA Bishops"]
[BlackTeam "Canadian Snowbirds"]

1. e4 e5 2. Nc3 Nf6 3. Bc4 Nc6 4. d3 Na5 5. Nge2 Nxc4 6. dxc4 Bc5 7. Ng3 
d6 8. Qe2 Bg4 9. f3 Be6 10. b3 c6 11. Bb2 Qc7 12. O-O-O a6 13. Nf5 Bxf5 
14. exf5 O-O-O 15. Ne4 Bb6 16. Kb1 Rhe8 17. Rd3 d5 18. Nxf6 gxf6 19. cxd5 
Rxd5 20. Rhd1 Red8 21. f4 Rxd3 22. Rxd3 Rxd3 23. Qxd3 Qe7 24. Qe4 Bc7 25. 
g4 Qc5 26. fxe5 Qg1+ 27. Bc1 Bxe5 28. h3 Kd7 29. Qe3 Qh1 1/2-1/2

[Event "2015 REGULAR QUAD, S50369"]
[Site "CCLA"]
[Date "2015.08.11"]
[Round "?"]
[White "Evans, Stanley W."]
[Black "Haase, F. Philip"]
[Result "1-0"]
[WhiteElo "1834"]
[BlackElo "1813"]

1. e4 e5 2. Bc4 Nf6 3. Nc3 Bc5 4. f4 d6 5. Nf3 Nc6 6. d3 Ng4 7. Ng5 O-O 8.
 f5 Nf6 9. Nd5 h6 10. h4 Nxd5 11. Bxd5 Ne7 12. Bb3 d5 13. Qh5 Qd6 14. g4 
Qc6 15. Bd2 a5 16. Rf1 Qd7 17. Bxd5 Nxd5 18. exd5 hxg5 19. hxg5 g6 20. Qh4
f6 21. gxf6 Qh7 22. Bh6 Bxf5 23. gxf5 gxf5 24. Qg5+ Kf7 25. Bxf8 Rxf8 26. 
Qxf5 Qxf5 27. Rxf5 Rg8 28. O-O-O Bd6 29. Rh1 Rg4 30. Kd2 a4 31. a3 Rg2+ 
32. Kd1 Rg4 33. Ke2 Kg6 34. Rhf1 Kf7 35. R1f2 Bc5 36. Rh2 Kg6 37. Rhh5 
Rg2+ 38. Kd1 Rg1+ 39. Kd2 Rg3 40. Rxe5 Bd4 41. f7 Kxf7 42. Re4 Bxb2 43. 
Rh7+ Bg7 44. Rh2 Bf8 45. Rxa4 b5 46. Rf2+ Kg7 47. Rxf8 Rg2+ 48. Kc3 Kxf8 
49. Rb4 Rg1 50. Rxb5 Ke7 51. a4 Kd6 52. a5 Kd7 53. Kb2 Rg6 54. c4 Kc8 55. 
Kc3 Rg1 56. Rb3 Rg6 57. c5 Ra6 58. Rb5 Rf6 59. Kc4 Rf1 60. Rb3 Ra1 61. Kb5
Kb7 62. d4 Ra2 63. c6+ Kc8 64. d6 cxd6 65. Kb6 Rc2 66. a6 Kb8 67. Rb5 Ra2 
68. c7+ Kc8 69. a7 Kd7 70. d5 Ra3 71. Kb7 Rc3 72. a8=Q Rxc7+ 73. Ka6 Ke7 
74. Rb7 Rxb7 75. Qxb7+ Kf6 76. Qd7 Ke5 77. Qe6+ Kd4 78. Qxd6 Kc4 79. Qc6+ 
Kd4 80. d6 Kd3 81. d7 Ke3 82. d8=Q Kf4 83. Qh4+ Ke3 84. Qc3+ Ke2 85. Qh2+ 
Kd1 86. Qa1# 1-0

[Event "2015 Server Team Champ - Div 4, S54999"]
[Site "CCLA"]
[Date "2015.10.28"]
[Round "?"]
[White "Fritsch, Michael"]
[Black "Strelecky, Rich"]
[Result "0-1"]
[WhiteElo "1390"]
[BlackElo "1670"]
[Board "2"]
[WhiteTeam "Pennsylvania Duck Patrol"]
[BlackTeam "Pawntastics"]

1. e4 e5 2. Bc4 Nf6 3. Nc3 Nc6 4. d3 Bb4 5. Bd2 d6 6. f4 Bg4 7. Nf3 Bxf3 
8. Qxf3 Nd4 9. Qd1 exf4 10. Bxf4 b5 11. Bb3 Bxc3+ 12. bxc3 Ne6 13. Bg3 O-O
14. d4 Nxe4 15. Bd5 Nxc3 16. Qf3 Nxd5 17. Qxd5 c6 18. Qe4 Qa5+ 19. Kd1 Qc3
20. Rb1 d5 21. Qe5 Nxd4 22. Rc1 Rfe8 23. Qd6 Qc4 24. Re1 Rxe1+ 25. Kd2 
Qe2+ 26. Kc3 Qe3+ 27. Kb4 c5+ 28. Kxc5 Qc3+ 29. Kxd5 Qc4# 0-1

[Event "Summer Series, S50331"]
[Site "CCLA"]
[Date "2015.07.25"]
[Round "?"]
[White "Acosta, Errol"]
[Black "McLaughlin, Ed"]
[Result "1-0"]
[WhiteElo "1494"]
[BlackElo "1507"]

1. e4 c5 2. f4 e5 3. Nf3 exf4 4. Bc4 Nf6 5. Nc3 Nc6 6. d3 Bd6 7. O-O O-O 
8. Ne2 Qc7 9. c3 Ne5 10. Bb3 Nxf3+ 11. Rxf3 g5 12. g3 g4 13. Rf2 f3 14. 
Nf4 b5 15. Bc2 Bb7 16. Be3 Rae8 17. Qd2 Be5 18. Re1 h5 19. h3 d5 20. Nxd5 
Nxd5 21. Bh6 Bg7 22. Bxg7 Kxg7 23. Qg5+ Kh8 24. Qxh5+ Kg7 25. Qxg4+ Kh8 
26. Rxf3 Ne7 27. Rf6 Ng6 28. Ref1 Bc8 29. Qg5 Re6 30. Bd1 Qe5 31. R1f5 1-0

[Event "2015 REGULAR QUAD, S50389"]
[Site "CCLA"]
[Date "2015.09.16"]
[Round "?"]
[White "Acosta, Errol"]
[Black "Gunning, Edward E."]
[Result "1-0"]
[WhiteElo "1494"]
[BlackElo "1439"]

1. e4 e5 2. f4 d6 3. Nf3 Bg4 4. Bc4 Be7 5. Nc3 Nf6 6. O-O O-O 7. d3 Nc6 8.
 f5 Nd4 9. Be3 Nxf3+ 10. gxf3 Bh3 11. Rf2 Nh5 12. Kh1 Bg5 13. f4 exf4 14. 
Qxh5 Bh4 15. Rxf4 g5 16. Rxh4 Bg2+ 17. Kxg2 gxh4 18. Bg5 c6 19. Bxd8 Raxd8
20. Qg5+ Kh8 21. Qf6+ Kg8 22. Kh3 1-0

[Event "2015 REGULAR QUAD, S50239"]
[Site "CCLA"]
[Date "2015.05.29"]
[Round "?"]
[White "Smiley, William R."]
[Black "Gunning, Edward E."]
[Result "1-0"]
[WhiteElo "1613"]
[BlackElo "1439"]

1. e4 e5 2. f4 Nc6 3. Nf3 d6 4. h3 exf4 5. d4 Nf6 6. Nc3 d5 7. e5 Ne4 8. 
Bxf4 Bb4 9. Qd3 O-O 10. a3 Ba5 11. b4 Bb6 12. Be2 Ne7 13. Na4 Nf5 14. Nc5 
a5 15. O-O Bxc5 16. bxc5 b6 17. cxb6 Ba6 18. bxc7 Qxc7 19. c4 Bxc4 20. Qc2
Qc6 21. Rac1 Rfc8 22. Bxc4 dxc4 23. Rfe1 Nfg3 24. Kh2 f5 25. Bxg3 Nxg3 26.
 Kxg3 Qg6+ 27. Kh2 Qh5 28. d5 Ra6 29. d6 Raa8 30. e6 f4 31. Rcd1 Qc5 32. 
d7 Rcb8 33. e7 Kf7 34. d8=Q Qb5 35. Qxc4+ 1-0

[Event "Winter Series, S50061"]
[Site "CCLA"]
[Date "2015.01.28"]
[Round "?"]
[White "Acosta, Errol"]
[Black "Gunning, Edward E."]
[Result "1/2-1/2"]
[WhiteElo "1494"]
[BlackElo "1439"]

1. e4 e5 2. f4 Nc6 3. Nf3 f6 4. Bc4 Bc5 5. Nc3 Na5 6. Bb3 d6 7. Na4 Nxb3 
8. axb3 b6 9. Nxc5 bxc5 10. f5 Ne7 11. d3 O-O 12. O-O d5 13. exd5 Nxf5 14.
 c4 Bb7 15. Qe1 Qd6 16. Qe4 Nd4 17. Nxd4 cxd4 18. Bd2 g6 19. Ra4 c6 20. c5
cxd5 21. Qxg6+ hxg6 22. cxd6 Bc6 23. Ra5 e4 24. dxe4 dxe4 25. Rc5 e3 26. 
Rxc6 exd2 27. Rd1 Rab8 28. Rxd2 Rxb3 29. d7 Rb6 30. Rc7 Rd6 31. Rxa7 Rd8 
32. b4 R8xd7 33. Rxd7 Rxd7 34. Kf2 d3 35. Ke3 Rb7 36. Rxd3 Rxb4 37. g3 Kg7
38. Kf3 g5 39. Re3 Kg6 40. g4 Rb2 41. h3 Rb5 42. Ra3 Rb1 43. Ra5 Rf1+ 44. 
Kg2 Re1 45. Rf5 Re2+ 46. Kf3 Rh2 47. Kg3 1/2-1/2

[Event "2015 Server Team Champ - Div 4, S54999"]
[Site "CCLA"]
[Date "2015.10.28"]
[Round "?"]
[White "Laaman, Thomas"]
[Black "Fritsch, Josiah"]
[Result "1-0"]
[WhiteElo "1648"]
[BlackElo "1310"]
[Board "3"]
[WhiteTeam "Pawntastics"]
[BlackTeam "Pennsylvania Duck Patrol"]

1. e4 e5 2. f4 Bc5 3. Nc3 Qf6 4. Nd5 Qd6 5. d3 c6 6. fxe5 cxd5 7. exd6 
Bxd6 8. exd5 b5 9. Qe2+ Ne7 10. Bg5 f6 11. Bh4 O-O 12. c4 g5 13. Bg3 Bxg3+
14. hxg3 Re8 15. O-O-O d6 16. Rxh7 Nd7 17. Qh5 Rf8 18. Rh8+ Kg7 19. Qh7# 
1-0

[Event "2015 REGULAR QUAD, S50389"]
[Site "CCLA"]
[Date "2015.09.16"]
[Round "?"]
[White "Howard, Christopher"]
[Black "Laaman, Thomas"]
[Result "0-1"]
[WhiteElo "1503"]
[BlackElo "1648"]

1. e4 e5 2. f4 Bc5 3. Nf3 d6 4. c3 Nf6 5. d4 exd4 6. cxd4 Bb4+ 7. Bd2 a5 
8. Bxb4 axb4 9. Qd3 O-O 10. Nbd2 Re8 11. Be2 Qe7 12. e5 dxe5 13. fxe5 Nd5 
14. O-O Nc6 15. Bd1 Nf4 16. Qe4 Ng6 17. Bc2 Bd7 18. Rfe1 Rad8 19. Nb3 b6 
20. Rad1 Na5 21. d5 Nxb3 22. Bxb3 Qc5+ 23. Kh1 Qe7 24. d6 cxd6 25. Rxd6 
Qxd6 26. exd6 Rxe4 27. Rxe4 Bc6 28. Rd4 Bxf3 29. gxf3 Ne5 30. Kg2 Nc6 31. 
Rd5 Na5 32. Rb5 Nxb3 33. axb3 Rxd6 34. Rxb4 g5 35. Kg3 Kg7 36. h4 f6 37. 
hxg5 fxg5 38. Rb5 Kg6 39. f4 gxf4+ 40. Kxf4 Rf6+ 41. Kg4 Kf7 42. Kh5 Rg6 
43. Rb4 Ke7 44. Rd4 Rd6 45. Rg4 Rf6 46. Rg7+ Rf7 47. Rg5 Ke6 48. Kh6 Kd6 
49. Rh5 Rf2 0-1

[Event "2015 REGULAR QUAD, S50419"]
[Site "CCLA"]
[Date "2015.10.24"]
[Round "?"]
[White "Acosta, Errol"]
[Black "Bearce, Harold L."]
[Result "1-0"]
[WhiteElo "1494"]
[BlackElo "1111"]

1. e4 e5 2. f4 exf4 3. Bc4 Nf6 4. Nc3 c6 5. Nf3 d5 6. exd5 Bd7 7. d4 Bd6 
8. dxc6 Bxc6 9. O-O O-O 10. Bd3 Re8 11. d5 Nxd5 12. Kh1 Nxc3 13. bxc3 Qc7 
14. Ng5 g6 15. Bb2 f3 16. Nxf3 Bxf3 17. Qxf3 Bxh2 18. c4 Nc6 19. Qh3 Rad8 
20. Rf3 Bd6 21. Raf1 Qd7 22. Rxf7 Qxh3+ 23. gxh3 b6 24. Rg7+ Kh8 25. Bf6 
1-0

[Event "2015 REGULAR QUAD, S50419"]
[Site "CCLA"]
[Date "2015.10.24"]
[Round "?"]
[White "Acosta, Errol"]
[Black "Bennett, Thomas"]
[Result "1-0"]
[WhiteElo "1494"]
[BlackElo "1507"]

1. e4 e5 2. f4 exf4 3. Bc4 d6 4. d4 g5 5. Qh5 Nh6 6. h4 Qe7 7. Nc3 Rg8 8. 
Nd5 Qd8 9. hxg5 Rxg5 10. Qf3 c6 11. Nxf4 Bg4 12. Qf2 Qe7 13. Be3 Nd7 14. 
Bd3 Qf6 15. Kd2 Qg7 16. Nf3 Bxf3 17. Qxf3 Rg3 18. Qf2 Rg4 19. Raf1 Qg5 20.
 Rh5 Qg7 21. Be2 O-O-O 22. Rxh6 1-0

[Event "2015 REGULAR QUAD, S50379"]
[Site "CCLA"]
[Date "2015.08.20"]
[Round "?"]
[White "Parenteau, Mike"]
[Black "Smiley, William R."]
[Result "0-1"]
[WhiteElo "1632"]
[BlackElo "1613"]

1. e4 e5 2. f4 exf4 3. Bc4 Nf6 4. Nc3 c6 5. d4 d5 6. exd5 cxd5 7. Bb3 Nc6 
8. Nge2 f3 9. gxf3 h6 10. Bf4 a6 11. Qd2 Na5 12. Nc1 b5 13. Kf2 Bf5 14. 
Re1+ Be7 15. Qe3 Nxb3 16. cxb3 Ra7 17. Nd3 Bxd3 18. Qxd3 O-O 19. Rg1 Kh8 
20. Qe3 Ng8 21. Rxg7 Kxg7 22. Rg1+ Kh7 23. Qe5 Bf6 24. Qh5 Bxd4+ 0-1

[Event "2015 Server Team Champ - Div 4, S54999"]
[Site "CCLA"]
[Date "2015.10.28"]
[Round "?"]
[White "Laaman, Thomas"]
[Black "Latta, David A."]
[Result "1-0"]
[WhiteElo "1648"]
[BlackElo "1276"]
[Board "3"]
[WhiteTeam "Pawntastics"]
[BlackTeam "Pennsylvania Pawn Pushers"]

1. e4 e5 2. f4 exf4 3. Bc4 Nc6 4. d4 Bd6 5. e5 Qe7 6. Bxf4 Bxe5 7. dxe5 
Nxe5 8. Bxe5 Qxe5+ 9. Qe2 Qxe2+ 10. Nxe2 Nf6 11. O-O O-O 12. Nbc3 Re8 13. 
Rae1 b6 14. Ng3 Rxe1 15. Rxe1 d6 16. Nce4 c5 17. Nxf6+ gxf6 18. Bd5 1-0

[Event "2015 Server Team Champ - Div 4, S54999"]
[Site "CCLA"]
[Date "2015.10.28"]
[Round "?"]
[White "Laaman, Thomas"]
[Black "Hadley, Douglas R."]
[Result "1-0"]
[WhiteElo "1648"]
[BlackElo "1660"]
[Board "3"]
[WhiteTeam "Pawntastics"]
[BlackTeam "Norsemen"]

1. e4 e5 2. f4 exf4 3. Bc4 Nf6 4. Nc3 c6 5. Bb3 d5 6. exd5 Nxd5 7. Nxd5 
cxd5 8. Qh5 Be6 9. Ne2 Nc6 10. Nxf4 g6 11. Qe2 Qe7 12. Nxd5 Bxd5 13. Bxd5 
Qxe2+ 14. Kxe2 Kd7 15. Bxc6+ Kxc6 16. d3 Bg7 17. Rb1 Rhe8+ 18. Kf2 Re6 19.
 Re1 Rae8 20. Rxe6+ Rxe6 21. Be3 a6 22. b3 Bc3 23. Rd1 Rf6+ 24. Kg1 Kd5 
25. Rf1 Rxf1+ 26. Kxf1 f5 27. Ke2 b5 28. Kf3 Ke6 29. h3 Kd5 30. h4 Ke5 31.
 g3 Kd5 32. Ba7 Ke5 33. Bb8+ Kd5 34. Bf4 Ke6 35. Ke2 Kd5 36. Bd2 Be5 37. 
Be1 Bd6 38. c3 Bf8 39. Bd2 Bd6 40. Kf3 Bf8 41. Bf4 Bg7 42. c4+ bxc4 43. 
dxc4+ Kc6 44. Ke3 Bf8 45. Kd4 Bg7+ 46. Be5 Bf8 47. Bb8 Bg7+ 48. Kd3 Bf8 
49. Ba7 Bd6 50. Bf2 Bf8 51. Be1 Bg7 52. b4 Be5 53. a4 Bf6 54. b5+ axb5 55.
 cxb5+ Kb7 56. a5 Be5 57. Kc4 h6 58. Kd5 Bb8 59. Ke6 f4 60. gxf4 Bxf4 61. 
Bf2 g5 62. h5 g4 63. Kf5 g3 64. Bg1 Bd2 65. a6+ Ka8 66. Kg4 Be1 67. Kf3 
Kb8 68. Be3 Ka8 69. Bxh6 g2 70. Kxg2 Bc3 71. Bf8 Bd2 72. h6 Bxh6 73. Bxh6 
Ka7 74. Be3+ Ka8 75. b6 Kb8 76. Kf3 Ka8 77. Ke4 Kb8 78. Kd5 Ka8 79. Kc6 
Kb8 80. Bd4 Ka8 81. b7+ 1-0

[Event "2015  Server Team - Div 3, S53999"]
[Site "CCLA"]
[Date "2015.10.30"]
[Round "?"]
[White "Acosta, Errol"]
[Black "Gosling, David C."]
[Result "0-1"]
[WhiteElo "1494"]
[BlackElo "1500"]
[Board "5"]
[WhiteTeam "Idaho Mountaineers"]
[BlackTeam "BCCA Bishops"]

1. e4 e5 2. f4 exf4 3. Bc4 Bc5 4. d4 Bb4+ 5. c3 Ba5 6. Nf3 h6 7. Bxf4 d6 
8. O-O Bg4 9. d5 Ne7 10. Qa4+ c6 11. Nbd2 O-O 12. Bd3 a6 13. e5 b5 14. Qc2
Ng6 15. Bxg6 fxg6 16. Qxg6 Rxf4 17. Nh4 Rxf1+ 18. Rxf1 Qxh4 19. e6 cxd5 
20. Qe8+ Kh7 21. Qf7 Nc6 22. Nf3 Qe7 23. Qf4 Bxe6 24. Re1 Re8 25. Nd4 Nxd4
26. Qxd4 Qd7 27. Qd3+ g6 28. Kh1 Rf8 29. h3 Rf5 30. b4 Bb6 31. Kh2 Re5 32.
 Rf1 Qg7 33. Qg3 a5 34. bxa5 Bxa5 35. Qd3 Qb7 36. Rb1 d4 37. cxd4 Rd5 38. 
Qe4 Bf5 0-1

[Event "2015 Server Team Ch - Div 2"]
[Site "CCLA"]
[Date "2015.10.30"]
[Round "?"]
[White "Gredescul, Andrea"]
[Black "Lewis, James W."]
[Result "1-0"]
[WhiteElo "2070"]
[BlackElo "2114"]
[Board "3"]
[WhiteTeam "Queen & Knights"]
[BlackTeam "Chairmen of the Board"]

1. e4 e5 2. f4 exf4 3. Nf3 d6 4. d4 g5 5. h4 g4 6. Ng1 Qf6 7. Nc3 Ne7 8. 
Nge2 Bh6 9. Qd2 Nbc6 10. g3 Bg7 11. Qxf4 Nxd4 12. Nxd4 Qxd4 13. Be3 Qb4 
14. O-O-O Ng6 15. Qg5 Bxc3 16. bxc3 Qa3+ 17. Kd2 Be6 18. Qb5+ Bd7 19. Qxb7
O-O 20. Qb3 Qa5 21. Be2 Be6 22. Qb5 Qxb5 23. Bxb5 Ne5 24. Bd4 a6 25. Be2 
h5 26. Rb1 Nf3+ 27. Ke3 f5 28. Rb7 Rf7 29. Ra7 Rxa7 30. Bxa7 c5 31. Bb8 d5
32. exd5 Bxd5 33. Kf4 a5 34. Rb1 Bxa2 35. Ra1 Bd5 36. Rxa5 Rf8 37. Rxc5 
Be4 38. Bd6 Rf6 39. Bc4+ Kh7 40. Be7 Rg6 41. Bf8 Bxc2 42. Rc7+ Kh8 43. Bf7
Ra6 44. Bxh5 Re6 45. Re7 Rxe7 46. Bxe7 Kg7 47. Be8 Ng1 48. Bb5 Nf3 49. Bd7
Kg6 50. Be8+ 1-0

[Event "2015 NA Class A Ch Finals, S50179"]
[Site "CCLA"]
[Date "2015.04.27"]
[Round "?"]
[White "Shannon, Paul D."]
[Black "Smail, John"]
[Result "1/2-1/2"]
[WhiteElo "1815"]
[BlackElo "1720"]

1. e4 e5 2. f4 exf4 3. Nf3 d6 4. d4 g5 5. h4 g4 6. Ng1 f5 7. Nc3 Nf6 8. 
Bxf4 fxe4 9. Qd2 d5 10. Nb5 Na6 11. Nc3 Nb8 12. Nb5 Na6 13. Nc3 Nb8 14. 
Nb5 1/2-1/2

[Event "2015 NA Server Ch (CCLA Rules), S50169"]
[Site "CCLA"]
[Date "2015.04.27"]
[Round "?"]
[White "Gredescul, Andrea"]
[Black "Young III, William C."]
[Result "1-0"]
[WhiteElo "2166"]
[BlackElo "2075"]

1. e4 e5 2. f4 exf4 3. Nf3 d5 4. exd5 Nf6 5. Bb5+ c6 6. dxc6 Nxc6 7. d4 
Bd6 8. Qe2+ Be6 9. Ng5 O-O 10. Nxe6 fxe6 11. Bxc6 bxc6 12. O-O Qc7 13. 
Qxe6+ Kh8 14. Qh3 g5 15. Kh1 Qg7 16. Nc3 Bc7 17. Bd2 Bb6 18. Qd3 Qh6 19. 
Ne4 Rad8 20. Nxf6 Qxf6 21. c3 c5 22. d5 c4 23. Qxc4 Qf7 24. Rae1 Rxd5 25. 
Bc1 Qf5 26. Qe4 Qxe4 27. Rxe4 Rfd8 28. c4 Rd1 29. Ree1 Rxe1 30. Rxe1 Kg7 
31. b4 Bf2 32. Rf1 Kg6 33. h3 Bg3 34. c5 Rd4 35. c6 Rxb4 36. Bd2 Rb8 37. 
c7 Rc8 38. Ba5 a6 39. a4 h6 40. Rd1 1-0

[Event "Summer Series, S50331"]
[Site "CCLA"]
[Date "2015.07.25"]
[Round "?"]
[White "Acosta, Errol"]
[Black "Simonson, Jay"]
[Result "1-0"]
[WhiteElo "1494"]
[BlackElo "1404"]

1. e4 e5 2. f4 exf4 3. Bc4 Nc6 4. Nf3 g5 5. h4 gxh4 6. Rxh4 Bd6 7. d4 Qe7 
8. e5 Bb4+ 9. c3 Ba5 10. Bxf4 Nf6 11. Qe2 Ng8 12. Bg5 Qf8 13. Na3 a6 14. 
Rf4 Nh6 15. O-O-O Ne7 16. Rh1 d5 17. exd6 cxd6 18. Bxh6 Qxh6 19. Rxh6 Be6 
20. Bxe6 fxe6 21. Qxe6 Bd8 22. Qxd6 Rc8 23. Ne5 Rc7 24. Qf6 Nd5 25. Qxh8+ 
1-0

[Event "Winter Series, S50081"]
[Site "CCLA"]
[Date "2015.01.28"]
[Round "?"]
[White "Martindale, Roger"]
[Black "Benson, Katie J."]
[Result "1-0"]
[WhiteElo "1174"]
[BlackElo "1199"]

1. e4 e5 2. Nf3 Bd6 3. c4 Nc6 4. Nc3 Nf6 5. a3 Nd4 6. Nxd4 exd4 7. Nb5 Bc5
8. b4 Be7 9. d3 O-O 10. Nxd4 Bd6 11. h3 Be5 12. Be3 b6 13. f4 Bxd4 14. 
Bxd4 d6 15. g4 Ne8 16. h4 Qd7 17. h5 Qxg4 18. Be2 Qxf4 19. Rg1 g6 20. Qd2 
Qxd2+ 21. Kxd2 c5 22. Bb2 Rb8 23. h6 Nc7 24. Bg7 Ne6 25. Bxf8 Nxf8 26. b5 
Ne6 27. Bg4 Nd4 28. Rab1 f5 29. Bd1 fxe4 30. Rg5 Bf5 31. Bg4 Rf8 32. Kc1 
exd3 33. Bxf5 Rxf5 34. Rxf5 Nxf5 35. Kd2 Nxh6 36. Kxd3 Nf5 37. Re1 Kf7 38.
 Rf1 h5 39. Ke4 Ke7 40. Re1 Ke6 41. Kf4+ Kf7 42. Ke4 Ne7 43. Rf1+ Ke8 44. 
Kf4 Kd7 45. Kg5 Ke8 46. a4 Kd8 47. Rf8+ Kd7 48. Rh8 1-0